<?xml version="1.0" encoding="UTF-8"?>
<marc:record xmlns:marc="http://www.loc.gov/MARC21/slim">
   <marc:leader>00000nam a2200000 a 4500</marc:leader>
   <marc:datafield ind1="1" ind2=" " tag="100">
      <marc:subfield code="a">Goldblum, Jeff</marc:subfield>
   </marc:datafield>
   <marc:datafield ind1="1" ind2=" " tag="100">
      <marc:subfield code="a">Dern, Laura</marc:subfield>
   </marc:datafield>
   <marc:datafield ind1="1" ind2=" " tag="100">
      <marc:subfield code="a">Jackson, Samuel L.</marc:subfield>
   </marc:datafield>
   <marc:datafield ind1="1" ind2=" " tag="100">
      <marc:subfield code="a">Neill, Sam</marc:subfield>
   </marc:datafield>
   <marc:datafield ind1="1" ind2=" " tag="100">
      <marc:subfield code="a">Attenborough, Richard</marc:subfield>
   </marc:datafield>
   <marc:datafield ind1=" " ind2=" " tag="653">
      <marc:subfield code="a">DVD-Video</marc:subfield>
   </marc:datafield>
   <marc:datafield ind1=" " ind2=" " tag="653">
      <marc:subfield code="a">Adventure: Action- und Katastrophenfilm, Kriegs- und Antikriegsfilm, Mafia, Abenteuerfilm, Road Movie, Asiatischer Kampffilm (Spielfilme auf DVD)</marc:subfield>
   </marc:datafield>
   <marc:datafield ind1=" " ind2=" " tag="653">
      <marc:subfield code="a">Dinosaurier</marc:subfield>
   </marc:datafield>
   <marc:datafield ind1="0" ind2="0" tag="245">
      <marc:subfield code="a">Jurassic Park</marc:subfield>
   </marc:datafield>
   <marc:datafield ind1="0" ind2="0" tag="245">
      <marc:subfield code="c">Ein Film von Steven Spielberg ; Richard Attenborough, Sam Neill, Laura Dern, Jeff Goldblu, Samuel L. Jackson, Bob Peck</marc:subfield>
   </marc:datafield>
   <marc:datafield ind1=" " ind2="1" tag="264">
      <marc:subfield code="b">Universal Studios</marc:subfield>
      <marc:subfield code="c">2018</marc:subfield>
   </marc:datafield>
   <marc:datafield ind1="1" ind2=" " tag="490">
      <marc:subfield code="a">Jurassic Park</marc:subfield>
      <marc:subfield code="v">1</marc:subfield>
   </marc:datafield>
   <marc:datafield ind1="1" ind2=" " tag="520">
      <marc:subfield code="a">Steven Spielberg präsentiert Jurassic Park. Ein vollendetes Meisterwerk, das aufgrund seiner virtuosen Phantasie, atemberaubender Spannung, wissenschaftlicher Detailtreue und höchster Regiekunst weltweit zum größten Filmerfolg aller Zeiten wurde. Ein reicher Unternehmer errichtet auf einer einsamen Insel heimlich einen Erlebnispark, der für seine Gäste außergewöhnliche Attraktionen bereithält. Es ist gelungen, aus einer urzeitlichen DNA leibhaftige Dinosaurier ins Leben zu rufen. Bevor der Park für das Publikum geöffnet wird, lädt er einen führenden Paläontologen, dessen Freundin, eine Paläobotanikerin, einen berühmten Mathematiker und seine beiden wißbegierigen Enkel ein, um die besorgten Investoren zu beruhigen. Aber der Besuch seiner ersten Gäste verläuft alles andere als nach Plan. Die urzeitlichen Monster brechen aus, entziehen sich jeder Kontrolle und starten eine mörderische Jagd auf ihre Schöpfer...</marc:subfield>
   </marc:datafield>
   <marc:datafield ind1="3" ind2=" " tag="024">
      <marc:subfield code="a">5053083150761</marc:subfield>
   </marc:datafield>
   <marc:datafield ind1=" " ind2=" " tag="300">
      <marc:subfield code="a">1 DVD : ca. 121 Min.</marc:subfield>
   </marc:datafield>
</marc:record>
